| 000 | 00599nam a2200241Ia 4500 | ||
|---|---|---|---|
| 003 | OSt | ||
| 005 | 20220928110408.0 | ||
| 006 | a|||||r|||| 00| 0 | ||
| 007 | ta | ||
| 008 | 220927b |||||||| |||| 00| 0 eng d | ||
| 024 | _a60274 | ||
| 037 | _cTextual | ||
| 040 |
_aSDCL _cSDCL _beng |
||
| 041 |
_2eng _aeng |
||
| 082 | _aR691, K9 | ||
| 100 | _aJha Anand | ||
| 245 | 0 | _aCharwac-darshan. | |
| 260 |
_aLucknow _bHindi Simiti _c1969 |
||
| 300 |
_a474p. _ccm. |
||
| 490 | _aHindi Simiti Granthmala.177 | ||
| 942 |
_hR691, K9 _cTEXL _2CC |
||
| 999 |
_c735412 _d735412 |
||